=LDR 00000nam 2200000 4500 =001 NUTBA000000000002947 =005 20140712112246.0 =006 =007 =008 =020 ##$$a 978-979-22-6582-8 =035 ##$$a 0010-071400000000135 =082 ##$$a 028.5 =100 ##$$a christian musselman =245 ##$$a the jewel fairies =250 ##$$a cet.1 =260 ##$$a jakarta, 2011 $b PT.Gramedia $c 2011 =300 ##$$a 28 hlm $c 20 cm =990 ##$$a 21400613/BPAP-NTB/20142014